Geografía del comercio internacional / (Record no. 134873)

MARC details
000 -LEADER
campo de control de longitud fija 01024nam a2200289 i 4500
001 - NÚMERO DE CONTROL
campo de control 134873
003 - IDENTIFICADOR DE NÚMERO DE CONTROL
campo de control ES-MaACL
005 - FECHA Y HORA DE LA ÚLTIMA TRANSACCIÓN
campo de control 20250901105432.0
007 - CAMPO FIJO DE DESCRIPCIÓN FÍSICA--INFORMACIÓN GENERAL
campo de control de longitud fija t|
008 - DATOS DE LONGITUD FIJA--INFORMACIÓN GENERAL
campo de control de longitud fija 070629s1972 sp ||||1| spa d
080 ## - NÚMERO DE LA CLASIFICACIÓN DECIMAL UNIVERSAL
Número de la Clasificación Decimal Universal 382
080 ## - NÚMERO DE LA CLASIFICACIÓN DECIMAL UNIVERSAL
Número de la Clasificación Decimal Universal 338(100)
100 1# - ENTRADA PRINCIPAL--NOMBRE DE PERSONA
Nombre de persona Thomas, Richard Samuel.
9 (RLIN) 110045
245 10 - MENCIÓN DEL TÍTULO
Título Geografía del comercio internacional /
Mención de responsabilidad, etc. Richard S. Thomas, Edgar C. Conklin ; traducción de Antonio Casahuga ; prólogo de J. Vilá Valenti.
250 ## - MENCION DE EDICION
Mención de edición [1ª ed.].
260 ## - PUBLICACIÓN, DISTRIBUCIÓN, ETC.
Lugar de publicación, distribución, etc. [Barcelona] :
Nombre del editor, distribuidor, etc. Vicens-Vives,
Fecha de publicación, distribución, etc. [1972]
300 ## - DESCRIPCIÓN FÍSICA
Extensión VII, 250 p. ;
Dimensiones 21 cm.
490 1# - MENCIÓN DE SERIE
Mención de serie Biblioteca básica de geografía económica
650 17 - PUNTO DE ACCESO ADICIONAL DE MATERIA--TÉRMINO DE MATERIA
Término de materia o nombre geográfico como elemento de entrada Comercio exterior
Fuente del encabezamiento o término embne
9 (RLIN) 11168
650 17 - PUNTO DE ACCESO ADICIONAL DE MATERIA--TÉRMINO DE MATERIA
Término de materia o nombre geográfico como elemento de entrada Geografía comercial
Fuente del encabezamiento o término embne
9 (RLIN) 13075
700 1# - ENTRADA AGREGADA--NOMBRE PERSONAL
Nombre de persona Conkling, Edgar Clark.
9 (RLIN) 40194
700 1# - ENTRADA AGREGADA--NOMBRE PERSONAL
Nombre de persona Casahuga Vinardell, Antonio.
9 (RLIN) 36034
700 1# - ENTRADA AGREGADA--NOMBRE PERSONAL
Nombre de persona Vilá Valentí, Juan.
9 (RLIN) 114743
830 0# - PUNTO DE ACCESO ADICIONAL DE SERIE-TÍTULO UNIFORME
Título uniforme Biblioteca básica de geografía económica
9 (RLIN) 186987
852 ## - LOCALIZACIÓN
Ubicación ES-MaACL
Número de control de estantería C-56297
Sublocalización o colección R.89165
Holdings
Estatus retirado Estado de pérdida Estado de daño No para préstamo Biblioteca de origen Biblioteca actual Ubicación en estantería Fecha de adquisición Fuente de adquisición Total de préstamos Signatura topográfica completa Código de barras Visto por última vez Precio de reemplazo Tipo de ítem Koha
        Biblioteca del Ateneo de Madrid Biblioteca del Ateneo de Madrid Depósito 2 17/01/2008     C-56297 1140383 23/02/2023 23/02/2023 Libro impreso